<?xml version="1.0" encoding="UTF-8"?><?xml-stylesheet type="text/xsl" href="static/style.xsl"?><OAI-PMH xmlns="http://www.openarchives.org/OAI/2.0/" xmlns:xsi="http://www.w3.org/2001/XMLSchema-instance" xsi:schemaLocation="http://www.openarchives.org/OAI/2.0/ http://www.openarchives.org/OAI/2.0/OAI-PMH.xsd"><responseDate>2026-04-27T14:37:20Z</responseDate><request verb="GetRecord" identifier="oai:uvadoc.uva.es:10324/28204" metadataPrefix="marc">https://uvadoc.uva.es/oai/request</request><GetRecord><record><header><identifier>oai:uvadoc.uva.es:10324/28204</identifier><datestamp>2021-06-29T19:53:06Z</datestamp><setSpec>com_10324_38</setSpec><setSpec>col_10324_852</setSpec></header><metadata><record xmlns="http://www.loc.gov/MARC21/slim" xmlns:doc="http://www.lyncode.com/xoai" xmlns:xsi="http://www.w3.org/2001/XMLSchema-instance" xmlns:dcterms="http://purl.org/dc/terms/" xsi:schemaLocation="http://www.loc.gov/MARC21/slim http://www.loc.gov/standards/marcxml/schema/MARC21slim.xsd">
<leader>00925njm 22002777a 4500</leader>
<datafield tag="042" ind1=" " ind2=" ">
<subfield code="a">dc</subfield>
</datafield>
<datafield tag="720" ind1=" " ind2=" ">
<subfield code="a">Talaverón Moro, María</subfield>
<subfield code="e">author</subfield>
</datafield>
<datafield tag="260" ind1=" " ind2=" ">
<subfield code="c">2017</subfield>
</datafield>
<datafield tag="520" ind1=" " ind2=" ">
<subfield code="a">En este Trabajo de Fin de Grado ligado a la titulación del Grado de Educación Infantil Mención de Expresión y Comunicación Artística y Motricidad exponemos la importancia y la necesidad de la expresión plástica y corporal en la etapa de educación infantil. Para ello, hacemos referencia a la relación de estos dos lenguajes basándonos en las aportaciones realizadas de autores como Lowenfeld, Read, Eisner entre otros, así como una descripción de distintos materiales y técnicas expresivas en esta etapa.&#xd;
Finalmente, en este documento recogemos el diseño, elaboración y puesta en práctica de la unidad didáctica denominada “Dejamos huella” basada en una propuesta en la que trabajamos la expresión plástica y corporal a través de distintas técnicas artísticas como la estampación, el modelado o la escultura para el segundo ciclo de Educación Infantil, en concreto, para el alumnado de 3 años.</subfield>
</datafield>
<datafield tag="024" ind2=" " ind1="8">
<subfield code="a">http://uvadoc.uva.es/handle/10324/28204</subfield>
</datafield>
<datafield tag="245" ind1="0" ind2="0">
<subfield code="a">“Dejamos huella”: Una unidad didáctica para trabajar la expresión plástica y corporal en Educación Infantil</subfield>
</datafield>
</record></metadata></record></GetRecord></OAI-PMH>